000 00369 a2200157 4500
001 192578
020 _a1-84121-602-X
040 _cMagnum
100 _aChild, Lauren
240 1 0 _aI will not ever never eat a tomato
_lING
245 1 0 _aI will not ever never eat a tomato
300 _a30
362 0 _a2000
697 _aLITERATURA INFANTIL INGLESA
942 _cBK
999 _c192578
_d192578